LEADER 00907nam0 2200289 450 001 000024078 005 20081219125727.0 100 $a20081219d1953----km-y0itaa50------ba 101 0 $afre 102 $aFR 200 1 $a<> jeune parque$fPaul Valéry$gcommentée par Alain 205 $a7. ed. 210 $aParis$cGallimard$dc1953 215 $a135 p.$d19 cm 225 2 $aNrf 410 1$12001$aNrf 676 $a841.91$v(21. ed.)$9Poesia francese. 1900-1999 700 1$aValéry,$bPaul$0757467 702 1$aAlain 801 0$aIT$bUniversità della Basilicata - B.I.A.$gRICA$2unimarc 912 $a000024078 996 $aJeune parque$91528206 997 $aUNIBAS BAS $aLETTERE CAT $aEXT10$b01$c20081219$lBAS01$h1257 FMT Z30 -1$lBAS01$LBAS01$mBOOK$1BASA1$APolo Storico-Umanistico$2FMAS$BFondo Masini$3FMas/817/813$6817/813$5B817/813$820081219$f04$FPrestabile Didattica LEADER 01727nam 2200397 a 450 001 9910694881703321 005 20060222081235.0 035 $a(CKB)5470000002364890 035 $a(OCoLC)64192681 035 $a(EXLCZ)995470000002364890 100 $a20060222d2005 ua 0 101 0 $aeng 135 $aurmn|---||||| 181 $ctxt$2rdacontent 182 $cc$2rdamedia 183 $acr$2rdacarrier 200 10$aFederal Employees Health Benefits Program$b[electronic resource] $edifferences in health care prices across metropolitan areas linked to competition and other factors : testimony before the Subcommittee on Health, Committee on Ways and Means, House of Representatives /$fstatement of A. Bruce Steinwald 210 1$a[Washington, D.C.] :$cU.S. Government Accountability Office,$d[2005] 215 $a5 pages $cdigital, PDF file 225 1 $aTestimony ;$vGAO-06-281 T 300 $aTitle from title screen (viewed on Feb. 7, 2006). 300 $a"For release ... December 2, 2005." 300 $aPaper version available from: U.S. Government Accountability Office, 441 G St., NW, Rm. LM, Washington, D.C. 20548. 320 $aIncludes bibliographical references. 517 $aFederal Employees Health Benefits Program 606 $aMedical care$xPrices$zUnited States 615 0$aMedical care$xPrices 700 $aSteinwald$b Bruce$01381591 712 02$aUnited States.$bCongress.$bHouse.$bCommittee on Ways and Means.$bSubcommittee on Health. 712 02$aUnited States.$bGovernment Accountability Office. 801 0$bGPO 801 1$bGPO 906 $aBOOK 912 $a9910694881703321 996 $aFederal Employees Health Benefits Program$93427651 997 $aUNINA